000 00275nam a2200121Ia 4500
005 20251222154330.0
008 251222s9999||||xx |||||||||||||| ||spa||
020 _a84-8130-157-4
082 _a868.9/P66
100 _a"Pla, Josep"
245 0 _aEl cuaderno gris
942 _cLIB
999 _c34101
_d34101